[Event "Molde CC-ch"]
[Site "Molde"]
[Date "2020.02.07"]
[Round "3"]
[White "Kosberg, Stian"]
[Black "Ewert, Karol"]
[Result "0-1"]
[WhiteElo "1221"]
[BlackElo "1655"]
[PlyCount "58"]
[EventDate "2019.01.24"]
[EventType "swiss"]
[EventRounds "7"]
[EventCountry "NOR"]
[SourceTitle "EXT 2024"]
[Source "ChessBase"]
[SourceDate "2023.10.10"]
[SourceVersion "1"]
[SourceVersionDate "2023.10.10"]
[SourceQuality "1"]

1. e4 c6 2. d3 d5 3. Nd2 dxe4 4. dxe4 Nf6 5. e5 Nd5 6. Ngf3 Bf5 7. Bd3 Bg6 8. Nb3 e6 9. Bxg6 hxg6 10. c4 Bb4+ 11. Bd2 Bxd2+ 12. Qxd2 Nb6 13. Qxd8+ Kxd8 14. Nbd2 N8d7 15. 0-0 Ke7 16. b3 Rad8 17. Ne4 Nc8 18. b4 Ndb6 19. c5 Nd5 20. a3 Rh5 21. Nd6 Nxd6 22. exd6+ Kd7 23. Rfe1 f6 24. h3 Rdh8 25. Rad1 e5 26. Rd3 g5 27. Nh2 Re8 28. g4 Rh7 29. Kg2 Nf4+ 0-1

[Event "Molde Rosecupen B"]
[Site "Molde"]
[Date "2018.06.03"]
[Round "5.7"]
[White "Walle, Kyrre"]
[Black "Ewert, Karol"]
[Result "1-0"]
[WhiteElo "1638"]
[BlackElo "1627"]
[PlyCount "75"]
[EventDate "2018.06.02"]
[EventType "swiss"]
[EventRounds "6"]
[EventCountry "NOR"]
[SourceTitle "EXT 2024"]
[Source "ChessBase"]
[SourceDate "2023.10.10"]
[SourceVersion "1"]
[SourceVersionDate "2023.10.10"]
[SourceQuality "1"]

1. d4 Nf6 2. c4 e6 3. Bg5 Be7 4. Nc3 d5 5. e3 h6 6. Bf4 c6 7. Nf3 Nbd7 8. Bd3 dxc4 9. Bxc4 Nh5 10. Be5 Nhf6 11. Bf4 Nd5 12. 0-0 Nxf4 13. exf4 Nb6 14. Bb3 Nd5 15. Ne5 0-0 16. Nxd5 exd5 17. Qd3 Bd6 18. Bc2 f5 19. Rfe1 Qf6 20. a3 Be6 21. b4 Rac8 22. Re3 Bxe5 23. fxe5 Qe7 24. Rg3 Rf7 25. f4 Qc7 26. Rg6 Kh7 27. Rxe6 g6 28. Qg3 Rg8 29. Re1 a5 30. Rf6 Re7 31. e6 Rgg7 32. Rxg6 Rxg6 33. Bxf5 Reg7 34. Bxg6+ Rxg6 35. Qxg6+ Kxg6 36. e7 Qxf4 37. e8Q+ Kg5 38. Qe5+ 1-0